Sports Quiz

Random Sports or World Quiz
Score 0/26 Timer 10:00
0 Plays Today
Hint Answer % Correct
Washington Pitcher (1 Hit)*Walter Johnson
75%
New York Shortstop (2 Hits)*Travis Jackson
75%
New York Pitcher (1 Hit)Rosy Ryan
50%
New York Pitcher (2 Hits)Jack Bentley
50%
Washington Catcher (2 Hits)Muddy Ruel
50%
New York Right Fielder (5 Hits)*Ross Youngs
50%
Washington Shortstop (5 Hits)Roger Peckinpaugh
50%
Washington Right Fielder (6 Hits)*Sam Rice
50%
Washington Center Fielder (6 Hits)Earl Mcneely
50%
New York First Baseman (9 Hits)*High Pockets Kelly
50%
New York Second Baseman/Third Baseman (10 Hits)*Freddie Lindstrom
50%
Washington First Baseman (10 Hits)Joe Judge
50%
Washington Second Baseman (11 Hits)*Bucky Harris
50%
Hint Answer % Correct
Washington Left Fielder (11 Hits)*Goose Goslin
50%
New York Pitcher (1 Hit)Hugh Mcquillan
25%
New York Left Fielder (2 Hits)Irish Meusel
25%
Washington Second Baseman (2 Hits)Ralph Miller
25%
Washington Third Baseman (5 Hits)Ossie Bluege
25%
New York First Baseman (6 Hits)*Bill Terry
25%
New York Center Fielder (7 Hits)*Hack Wilson
25%
New York Second Baseman (10 Hits)*Frankie Frisch
25%
New York Third Baseman (1 Hit)Heinie Groh
0%
Washington First Baseman (1 Hit)Mule Shirley
0%
Washington Center Fielder (1 Hit)Nemo Leibold
0%
New York Pitcher (3 Hits)Art Nehf
0%
New York Catcher (7 Hits)Hank Gowdy
0%
Remove Ads.
Support Sporcle.
Get the best of Sporcle when you Go Orange. This ad-free experience offers more features, more stats, and more fun while also helping to support Sporcle. Thank you for becoming a member.

You're not logged in!

Compare scores with friends on all Sporcle quizzes.
OR
Log In

Sporcle TV

Today on Sporcle TV


Watch our educational content, quiz creation guides, and fun videos on Sporcle TV.

Show Comments

Extras

Created May 10, 2020ReportNominate
Tags:World Quiz, 1924, hit

Top Quizzes Today


Score Distribution

Paid Content

Your Account Isn't Verified!

In order to create a playlist on Sporcle, you need to verify the email address you used during registration. Go to your Sporcle Settings to finish the process.

Report this User

Report this user for behavior that violates our Community Guidelines.

Details: